000 00314nam a2200145Ia 4500
100 _aBose/S.K
650 _aEnglish
942 _cBK
654 _aTechnical English
245 _aA Course in Technical English I
260 _bSomaiya Publications
_c1975
082 _a428
300 _a219
546 _aENGLISH
999 _c20093
_d20093